|
|
|
|
| LEADER |
00000nam a2200000 a 4500 |
| 001 |
vtls001283239 |
| 003 |
SK-MaSNL |
| 005 |
20260301064802.0 |
| 008 |
250312s1969 xo d 0 1 0 slo |
| 035 |
|
|
|a SNK000234696
|
| 035 |
|
|
|a urn:nbn:sk:snk-am3h6z3
|
| 035 |
|
|
|a urn:nbn:sk:snk-am00cmta
|
| 035 |
|
|
|a FC3E22AA-842C-4CED-9601-A976301ED0D3
|
| 040 |
|
|
|a SNK
|b slo
|c SNK
|e AACR2
|
| 041 |
|
|
|a slo
|a lat
|
| 044 |
|
|
|a xo
|c SK
|
| 080 |
|
|
|a 811.124
|2 2001
|
| 080 |
|
|
|a 811.162.4
|2 2001
|
| 080 |
|
|
|a (038)
|2 2001
|
| 100 |
1 |
|
|a Špaňár, Július,
|d 1917-2007
|4 aut
|9 37204
|
| 245 |
1 |
0 |
|a Latinsko-slovenský a slovensko-latinský slovník
|c Július Špaňár, Jozef Hrabovský ; obálka Jozef Lenharčík
|
| 250 |
|
|
|a 2. vyd.
|
| 260 |
|
|
|a Bratislava
|b Slovenské pedagogické nakladateľstvo
|c 1969
|e Bratislava
|f Svornosť
|
| 300 |
|
|
|a 1316 s.
|c 17 cm
|
| 506 |
|
|
|a 15150 výtl.
|
| 650 |
0 |
7 |
|a latinčina
|2 SNKPH
|9 3501
|
| 650 |
0 |
7 |
|a slovenčina
|2 SNKPH
|9 1350
|
| 655 |
|
7 |
|a slovníky
|2 SNKPH
|9 70413
|
| 700 |
1 |
|
|a Hrabovský, Jozef,
|d 1909-1996
|4 aut
|9 108457
|
| 700 |
1 |
|
|a Lenharčík, Jozef
|4 bjd
|9 45299
|
| 852 |
|
|
|a Slovenská národná knižnica
|
| 958 |
|
|
|a OND
|
| 999 |
|
|
|c 628232
|d 630162
|
| 952 |
|
|
|t P60, <04>, [BOOK], {604}
|a SNK
|b SNK
|y VYP
|7 0
|p 17A0060706
|o snkSD 37014 D1
|0 0
|1 0
|4 0
|d 1997-04-12
|l 0
|r 2005-01-02 00:00:00
|w 2026-02-23
|
| 952 |
|
|
|t P66, <07>, [BOOK], {604}
|a SNK
|b SNK
|y VYP
|7 0
|p 17A0329500
|o snkSD 37014 D4
|i snkK 1446/70
|0 0
|1 0
|4 0
|d 2002-01-23
|l 0
|r 2005-01-02 00:00:00
|w 2026-02-23
|
| 952 |
|
|
|a SNK
|b SNK
|y PREZ
|7 0
|p 17A0809410
|o snkSD 37014
|0 0
|1 0
|4 0
|d 2013-08-13
|f 1
|l 0
|r 2026-02-23 17:16:34
|w 2026-02-23
|